| 000 | 00419nam a2200157Ia 4500 | ||
|---|---|---|---|
| 008 | 180921t xxu||||| |||| 00| 0 eng d | ||
| 041 | _aeng | ||
| 080 |
_a54 _bBAN |
||
| 100 | _aBandarawatta, Shirly | ||
| 245 | _aApplication of Care Principles of Chemistry : Second Edition As | ||
| 260 |
_bAuthor Publishing _aKandy |
||
| 300 | _a211, 28 cm | ||
| 942 | _cBK | ||
| 999 |
_c17350 _d17350 |
||
| 003 | LK-CoDNM | ||
| 040 |
_aLK-CoDNM _dLK-CoDNM _eLK-CoDNM |
||